<A> Small global forecasting model

Salvato in:
Dettagli Bibliografici
Autore principale: Rae, David
Altri autori: Turner, David
Natura: Libro
Lingua:inglese
Pubblicazione: Paris OECD-Economics Department 2001
Serie:Working Papers No. 286
Soggetti:
Tags: Aggiungi Tag
Nessun Tag, puoi essere il primo ad aggiungerne!!

MARC

LEADER 00000nam a2200000 4500
001 c125107
005 20221221091613.0
041 0 |a eng 
044 |a FR 
245 1 0 |a <A> Small global forecasting model  |c David Rae and David Turner 
264 1 |a Paris  |b OECD-Economics Department  |c 2001 
300 |a 35 s. 
490 1 |a Working Papers  |v No. 286 
830 0 |a Working Papers  |v No. 286 
610 2 0 |a modely prognostické 
610 2 0 |a prognózy 
610 2 0 |a inflácia 
610 2 0 |a produkt domáci hrubý 
610 2 0 |a dovoz 
610 2 0 |a ceny 
610 2 0 |a simulácia 
610 2 0 |a dopyt 
610 2 0 |a politika peňažná 
610 2 0 |a OECD 
100 1 |a Rae, David 
700 1 |a Turner, David